| 000 | 00336nam a2200133Ia 4500 | ||
|---|---|---|---|
| 008 | 230801s9999||||xx |||||||||||||| ||und|| | ||
| 020 | _a9781946204455 | ||
| 082 |
_a823.92 _bV419 |
||
| 100 | _aVeeraraghavan, Bharath, | ||
| 245 | 2 | _aA black and white life | |
| 260 |
_aChennai _bNotion Press _c2016 |
||
| 300 | _av, 209 p. | ||
| 942 | _cBK | ||
| 999 |
_c27059 _d27059 |
||